[Event "Steinfurt Bezirksliga 0405"]
[Site "Germany"]
[Date "2005.01.15"]
[Round "5.7"]
[White "Schmitz, Detlef"]
[Black "Zachert, Axel"]
[Result "0-1"]
[WhiteElo "1445"]
[BlackElo "1624"]
[PlyCount "52"]
[EventDate "2004.09.25"]
[EventType "team-tourn"]
[EventRounds "11"]
[EventCountry "GER"]
[SourceTitle "EXT 2006"]
[Source "ChessBase"]
[SourceDate "2005.11.24"]
[SourceVersion "1"]
[SourceVersionDate "2005.11.24"]
[SourceQuality "1"]
[WhiteTeam "Rheine Klein Berlin II"]
[BlackTeam "Westerkappeln"]
[WhiteTeamCountry "GER"]
[BlackTeamCountry "GER"]

1. d4 d5 2. Nf3 Nf6 3. e3 g6 4. g3 Bg7 5. Bg2 0-0 6. 0-0 Bg4 7. c3 Nbd7 8. Nbd2 e5 9. dxe5 Nxe5 10. Qb3 Nxf3+ 11. Nxf3 Rb8 12. Ne5 Be6 13. Nd3 c6 14. Nf4 Bf5 15. Bh3 Qd7 16. Bxf5 Qxf5 17. Qd1 Bh6 18. Ng2 Rfe8 19. e4 Qh3 20. Bxh6 Ng4 21. Re1 Qxh2+ 22. Kf1 Qh1+ 23. Ke2 Qxg2 24. Be3 Rxe4 25. Kd2 Nxe3 26. Rxe3 Rxe3 0-1

[Event "Steinfurt Bezirksliga 0304"]
[Site "Germany"]
[Date "2004.02.21"]
[Round "5.6"]
[White "Reuter, Alfred J"]
[Black "Schmitz, Detlef"]
[Result "1/2-1/2"]
[WhiteElo "1544"]
[BlackElo "1487"]
[PlyCount "44"]
[EventDate "2003.10.18"]
[EventType "team-tourn"]
[EventRounds "9"]
[EventCountry "GER"]
[SourceTitle "EXT 2005"]
[Source "ChessBase"]
[SourceDate "2004.11.15"]
[SourceVersion "1"]
[SourceVersionDate "2004.11.15"]
[SourceQuality "1"]
[WhiteTeam "Ibbenbueren II"]
[BlackTeam "Rheine Klein Berlin II"]
[WhiteTeamCountry "GER"]
[BlackTeamCountry "GER"]

1. d4 e6 2. c4 f5 3. g3 Nf6 4. Bg2 d5 5. Nf3 c6 6. 0-0 Be7 7. Nbd2 0-0 8. Ne5 Nbd7 9. Ndf3 Nxe5 10. Nxe5 Nd7 11. f4 Nxe5 12. fxe5 b6 13. cxd5 cxd5 14. e3 Bb7 15. Bd2 Rc8 16. Rc1 Rxc1 17. Qxc1 Qc8 18. Re1 Qxc1 19. Rxc1 Rc8 20. Rxc8+ Bxc8 21. Kf1 Kf7 22. b4 Bd7 1/2-1/2

[Event "Steinfurt Bezirksliga 0304"]
[Site "Germany"]
[Date "2004.01.24"]
[Round "4.5"]
[White "Sterthaus, Paul"]
[Black "Schmitz, Detlef"]
[Result "1/2-1/2"]
[WhiteElo "1549"]
[BlackElo "1487"]
[PlyCount "92"]
[EventDate "2003.10.18"]
[EventType "team-tourn"]
[EventRounds "9"]
[EventCountry "GER"]
[SourceTitle "EXT 2005"]
[Source "ChessBase"]
[SourceDate "2004.11.15"]
[SourceVersion "1"]
[SourceVersionDate "2004.11.15"]
[SourceQuality "1"]
[WhiteTeam "Neuenkirchen II"]
[BlackTeam "Rheine Klein Berlin II"]
[WhiteTeamCountry "GER"]
[BlackTeamCountry "GER"]

1. e4 d5 2. exd5 Qxd5 3. Nf3 Nf6 4. c4 Qd8 5. Nc3 e6 6. a3 b6 7. d4 Bb7 8. Be2 Be7 9. 0-0 0-0 10. Bf4 Nbd7 11. Nb5 c6 12. Nd6 Qb8 13. c5 bxc5 14. Nxb7 Qxf4 15. Nxc5 Nxc5 16. dxc5 Rfd8 17. Qc2 Ne4 18. b4 Ng5 19. Nxg5 Bxg5 20. Bf3 Rd2 21. Qe4 Qxe4 22. Bxe4 Rc8 23. Rfd1 Rxd1+ 24. Rxd1 Rc7 25. f4 Be7 26. f5 e5 27. Rd3 Kf8 28. Kf2 Ke8 29. Ke2 g6 30. fxg6 hxg6 31. g4 Rc8 32. Kd1 Bg5 33. Rd6 Rd8 34. Bxc6+ Ke7 35. Rxd8 Kxd8 36. Bd5 f5 37. Bf7 fxg4 38. Bxg6 Bf4 39. Bf5 g3 40. hxg3 Bxg3 41. b5 Bf2 42. c6 Kc7 43. Ke2 Bc5 44. a4 Bb6 45. Kd3 Kd6 46. Kc4 Ba5 1/2-1/2

[Event "Steinfurt Bezirksliga 0203"]
[Site "Germany"]
[Date "2003.01.25"]
[Round "5.6"]
[White "Schmitz, Detlef"]
[Black "Sterthaus, Paul"]
[Result "0-1"]
[WhiteElo "1527"]
[BlackElo "1520"]
[PlyCount "126"]
[EventDate "2002.09.14"]
[EventType "team-tourn"]
[EventRounds "9"]
[EventCountry "GER"]
[SourceTitle "EXT 2004"]
[Source "ChessBase"]
[SourceDate "2003.11.25"]
[SourceVersion "1"]
[SourceVersionDate "2003.11.25"]
[SourceQuality "1"]
[WhiteTeam "Mesum"]
[BlackTeam "Neuenkirchen II"]
[WhiteTeamCountry "GER"]
[BlackTeamCountry "GER"]

1. f4 d5 2. Nf3 c5 3. e3 a6 4. b3 Nc6 5. Bb2 Bf5 6. d3 Nf6 7. Be2 e6 8. Ne5 Nxe5 9. Bxe5 Bd6 10. Bxd6 Qxd6 11. Nd2 h6 12. 0-0 b5 13. Bf3 Rd8 14. e4 dxe4 15. Bxe4 Qd4+ 16. Kh1 Bxe4 17. Nxe4 Nxe4 18. dxe4 Qxe4 19. Qf3 Qxf3 20. Rxf3 0-0 21. Raf1 f6 22. Kg1 Rd2 23. R3f2 Rfd8 24. Rxd2 Rxd2 25. Rf2 Rd1+ 26. Rf1 Rd4 27. c3 Rd3 28. Rf3 Rd1+ 29. Rf1 Rd6 30. Rf2 Kf7 31. Kf1 Rd1+ 32. Ke2 Ra1 33. Ke3 Ke7 34. Rd2 a5 35. Rb2 Rc1 36. Kd3 g5 37. g3 gxf4 38. gxf4 Rf1 39. Ke3 e5 40. fxe5 fxe5 41. Rg2 Re1+ 42. Kd2 Ra1 43. Ke3 Kf6 44. Rf2+ Ke6 45. Rg2 Rf1 46. Rg6+ Rf6 47. Rxf6+ Kxf6 48. Ke4 Ke6 49. c4 b4 50. h3 h5 51. h4 Kf6 52. Kd5 Kf5 53. Kxc5 Kf4 54. Kb5 e4 55. c5 e3 56. c6 e2 57. c7 e1Q 58. c8Q Qe5+ 59. Ka4 Kg3 60. Qd8 Kg4 61. a3 bxa3 62. Kxa3 Qc5+ 63. Ka4 Qb4# 0-1

[Event "Steinfurt Bezirksliga 0203"]
[Site "Germany"]
[Date "2002.11.30"]
[Round "3.6"]
[White "Schmitz, Detlef"]
[Black "Limberg, Rudolf"]
[Result "0-1"]
[WhiteElo "1527"]
[BlackElo "1511"]
[PlyCount "44"]
[EventDate "2002.09.14"]
[EventType "team-tourn"]
[EventRounds "9"]
[EventCountry "GER"]
[SourceTitle "EXT 2004"]
[Source "ChessBase"]
[SourceDate "2003.11.25"]
[SourceVersion "1"]
[SourceVersionDate "2003.11.25"]
[SourceQuality "1"]
[WhiteTeam "Mesum"]
[BlackTeam "Rheine SG"]
[WhiteTeamCountry "GER"]
[BlackTeamCountry "GER"]

1. f4 Nc6 2. Nf3 d6 3. e3 Nf6 4. Bb5 a6 5. Bxc6+ bxc6 6. b3 Bg4 7. 0-0 e5 8. fxe5 dxe5 9. e4 Bxf3 10. Qxf3 Qd4+ 11. Kh1 Qxa1 12. Nc3 Bb4 13. Na4 Qb1 14. Bb2 Qxc2 15. d3 Rd8 16. h3 Rxd3 17. Qf5 0-0 18. Bxe5 Nxe4 19. Kh2 Rd5 20. Rf4 Rxe5 21. Qxe5 Bd6 22. Qxe4 Qxe4 0-1